000
00265nam a2200109Ia 4500
008
190913s9999||||xx |||||||||||||| ||und||
100
_a
Schaefer,Richard
245
0
_a
Sociology A brief Introduction
260
_a
UK
_b
McGraw Hill
_c
2001
300
_a
858
942
_c
BK
999
_c
8196
_d
8196